000 00663nam a2200241Ia 4500
003 OSt
005 20220928124131.0
006 a|||||r|||| 00| 0
007 ta
008 220927b |||||||| |||| 00| 0 eng d
024 _a45800
037 _cTextual
040 _aSDCL
_cSDCL
_beng
041 _2eng
_aeng
082 _aR193, N7
100 _aLarrecq Jean Goubault
_9463495
245 0 _aProof theory and automated deducation.
260 _aLondon
_bKluwer Academic Publishers.
_c1997
300 _axv,424p.
_ccm.
490 _aApplied logic series.
942 _hR193, N7
_cTEXL
_2CC
999 _c776391
_d776391